[Event "NB II. Toth Laszlo csoport"]
[Site "Szeged"]
[Date "2023.10.08"]
[Round "1.9"]
[White "Gomori, Mihaly"]
[Black "Havasi, Mate Pal"]
[Result "1/2-1/2"]
[WhiteElo "1801"]
[BlackElo "1710"]
[PlyCount "105"]
[EventDate "2023.10.08"]
[EventType "team-tourn"]
[EventRounds "9"]
[EventCountry "HUN"]
[Source "chess.hu"]
[WhiteTeam "TAKISZ SE"]
[BlackTeam "Meritum Egyesulet"]
[WhiteTeamCountry "HUN"]
[BlackTeamCountry "HUN"]

1. e4 e6 2. Nf3 b6 3. d4 Bb7 4. Bd3 Nf6 5. e5 Nd5 6. a3 c5 7. Be4 Qc7 8. c4 Ne7
9. d5 Ng6 10. d6 Qc8 11. Bxb7 Qxb7 12. Qe2 Nc6 13. Nc3 a6 14. O-O f6 15. exf6
gxf6 16. Rd1 Na5 17. b4 Nb3 18. Rb1 Nxc1 19. Rbxc1 Bh6 20. Rb1 Nf4 21. Qe4 Qxe4
22. Nxe4 f5 23. Nc3 Bg7 24. Na4 b5 25. g3 bxa4 26. gxf4 cxb4 27. axb4 a3 28.
Ne5 Rg8 29. Kf1 Bxe5 30. fxe5 Rg4 31. Rdc1 Re4 32. Ra1 Rxe5 33. Rxa3 Re4 34. b5
a5 35. c5 Rb4 36. Rh3 Rxb5 37. Rxh7 Ra6 38. Re7+ Kd8 39. Rc3 Kc8 40. Rh3 Rxc5
41. Rh8+ Kb7 42. Rxd7+ Kc6 43. Rdd8 Kd5 44. d7 Ra7 45. Rh3 Rcc7 46. Rd3+ Ke4
47. Re3+ Kf4 48. Rxe6 Rxd7 49. Rxd7 Rxd7 50. Re3 Rb7 51. Ra3 Rb5 52. Kg2 Kg5
53. Kg3 1/2-1/2

[Event "NB II. Toth Laszlo csoport"]
[Site "Szeged"]
[Date "2023.10.08"]
[Round "1.10"]
[White "Karman, Gergely"]
[Black "Botta, Tibor Dr"]
[Result "1/2-1/2"]
[WhiteElo "1688"]
[BlackElo "1803"]
[PlyCount "43"]
[EventDate "2023.10.08"]
[EventType "team-tourn"]
[EventRounds "9"]
[EventCountry "HUN"]
[Source "chess.hu"]
[WhiteTeam "Meritum Egyesulet"]
[BlackTeam "TAKISZ SE"]
[WhiteTeamCountry "HUN"]
[BlackTeamCountry "HUN"]

1. e4 e5 2. Nf3 d6 3. d4 exd4 4. Nxd4 Nc6 5. Bb5 Bd7 6. Bxc6 bxc6 7. O-O c5 8.
Nf5 g6 9. Ne3 Bg7 10. Nc3 Ne7 11. Qf3 O-O 12. Ng4 Bxg4 13. Qxg4 Nc6 14. f4 Nd4
15. Qd1 f5 16. exf5 Rxf5 17. Ne2 Nxe2+ 18. Qxe2 Qe8 19. Qc4+ Kh8 20. Rb1 Qf7
21. Qxf7 Rxf7 22. Bd2 1/2-1/2

[Event "NB II. Toth Laszlo csoport"]
[Site "Szeged"]
[Date "2023.10.08"]
[Round "1.11"]
[White "Torok, Borbala"]
[Black "Havasi, Huba Laszlo"]
[Result "0-1"]
[WhiteElo "1752"]
[BlackElo "1553"]
[PlyCount "88"]
[EventDate "2023.10.08"]
[EventType "team-tourn"]
[EventRounds "9"]
[EventCountry "HUN"]
[Source "chess.hu"]
[WhiteTeam "TAKISZ SE"]
[BlackTeam "Meritum Egyesulet"]
[WhiteTeamCountry "HUN"]
[BlackTeamCountry "HUN"]

1. d4 d5 2. c4 e6 3. cxd5 exd5 4. Nc3 Nf6 5. Bg5 Be7 6. Nf3 Bf5 7. Qb3 Nc6 8.
e3 Na5 9. Qa4+ c6 10. Ne5 Ng8 11. Bxe7 Nxe7 12. b4 Nc4 13. Bxc4 dxc4 14. b5 Nd5
15. Rc1 Nxc3 16. Rxc3 Qd5 17. bxc6 b5 18. Qd1 Qxg2 19. Qf3 Qxf3 20. Nxf3 Be4
21. Ke2 Rc8 22. Rg1 Bxf3+ 23. Kxf3 g6 24. Rg5 f5 25. d5 Ke7 26. e4 Kf6 27. Rg1
Ke5 28. exf5 gxf5 29. Rd1 Rhd8 30. Re3+ Kd6 31. Kf4 Kc5 32. Re5 c3 33. Ke3 f4+
34. Kxf4 Kc4 35. Re4+ Kc5 36. Re5 Kb4 37. Rb1+ Kc4 38. Rd1 b4 39. Ke3 b3 40.
axb3+ Kxb3 41. Kd3 c2 42. Rc1 Rxc6 43. f4 Kb2 44. Kd2 Rc5 0-1

[Event "NB II. Toth Laszlo csoport"]
[Site "Oroshaza"]
[Date "2023.10.29"]
[Round "2.1"]
[White "Keresztes, Richard"]
[Black "Kunos, Zoltan"]
[Result "1-0"]
[WhiteElo "2208"]
[BlackElo "2075"]
[PlyCount "85"]
[EventDate "2023.10.08"]
[EventType "team-tourn"]
[EventRounds "9"]
[EventCountry "HUN"]
[Source "chess.hu"]
[WhiteTeam "TAKISZ SE"]
[BlackTeam "Oroshazi SE"]
[WhiteTeamCountry "HUN"]
[BlackTeamCountry "HUN"]

1. d4 d5 2. Bf4 Bf5 3. e3 e6 4. Nf3 Nf6 5. Bd3 Bd6 6. Ne5 Bxd3 7. cxd3 Bxe5 8.
dxe5 Nfd7 9. Nc3 O-O 10. O-O Nc6 11. d4 Ne7 12. Qg4 Nf5 13. Nxd5 h5 14. Qh3
Nxe5 15. Nxc7 Qxc7 16. Bxe5 Qc2 17. Qxh5 f6 18. Bf4 Rf7 19. Rfc1 Qxb2 20. d5 g6
21. Qg4 exd5 22. Qxg6+ Ng7 23. h4 f5 24. Rcb1 Qc3 25. h5 Qc6 26. Qg5 Qf6 27.
Qxf6 Rxf6 28. Be5 Rf7 29. h6 Ne6 30. Rb5 Rd8 31. Rab1 b6 32. Rc1 Nc5 33. Bd4
Ne4 34. f3 Nd2 35. Rc6 Nc4 36. Rg6+ Kh7 37. Rg7+ Rxg7 38. hxg7 Kg8 39. Kf2 a6
40. Rb1 Kf7 41. Kg3 b5 42. Kf4 Nd2 43. Rh1 1-0

[Event "NB II. Toth Laszlo csoport"]
[Site "Oroshaza"]
[Date "2023.10.29"]
[Round "2.2"]
[White "Kakuk, Sandor"]
[Black "Horvath, Jozsef"]
[Result "1/2-1/2"]
[WhiteElo "2030"]
[BlackElo "2041"]
[PlyCount "28"]
[EventDate "2023.10.08"]
[EventType "team-tourn"]
[EventRounds "9"]
[EventCountry "HUN"]
[Source "chess.hu"]
[WhiteTeam "Oroshazi SE"]
[BlackTeam "TAKISZ SE"]
[WhiteTeamCountry "HUN"]
[BlackTeamCountry "HUN"]

1. e4 c5 2. Nf3 e6 3. d4 cxd4 4. Nxd4 a6 5. Be3 Qc7 6. Bd3 Nf6 7. c4 Bb4+ 8.
Nd2 Nc6 9. Nxc6 dxc6 10. O-O O-O 11. Qe2 Rd8 12. Rad1 e5 13. h3 Be6 14. a3 Bxd2
1/2-1/2

[Event "NB II. Toth Laszlo csoport"]
[Site "Oroshaza"]
[Date "2023.10.29"]
[Round "2.3"]
[White "Marosi, Csaba"]
[Black "Gyori, Szabolcs"]
[Result "0-1"]
[WhiteElo "2016"]
[BlackElo "2109"]
[PlyCount "78"]
[EventDate "2023.10.08"]
[EventType "team-tourn"]
[EventRounds "9"]
[EventCountry "HUN"]
[Source "chess.hu"]
[WhiteTeam "TAKISZ SE"]
[BlackTeam "Oroshazi SE"]
[WhiteTeamCountry "HUN"]
[BlackTeamCountry "HUN"]

1. e4 d6 2. d4 Nf6 3. Nc3 e5 4. dxe5 dxe5 5. Qxd8+ Kxd8 6. Bg5 Be6 7. O-O-O+
Nbd7 8. f3 c6 9. g3 Kc7 10. Bh3 Bb4 11. Bxe6 fxe6 12. Nge2 a5 13. Bd2 b5 14.
Be3 a4 15. a3 Be7 16. Rd3 Rhb8 17. Nb1 b4 18. axb4 Rxb4 19. Bd2 Rb7 20. Bc3 Bb4
21. Rf1 Rab8 22. f4 Bxc3 23. Nexc3 Rxb2 24. Na3 R2b4 25. Re3 Rd4 26. f5 exf5
27. exf5 Nd5 28. Nxd5+ cxd5 29. h3 Rdb4 30. g4 e4 31. g5 Ne5 32. f6 g6 33. Rd1
Kd6 34. h4 Ke6 35. Rc3 Nc4 36. Nxc4 Rxc4 37. Rxc4 dxc4 38. Rd4 a3 39. Rxc4 a2
0-1

[Event "NB II. Toth Laszlo csoport"]
[Site "Oroshaza"]
[Date "2023.10.29"]
[Round "2.4"]
[White "Kulcsar, Jozsef"]
[Black "Keresztes, Mark"]
[Result "1/2-1/2"]
[WhiteElo "2065"]
[BlackElo "1979"]
[PlyCount "46"]
[EventDate "2023.10.08"]
[EventType "team-tourn"]
[EventRounds "9"]
[EventCountry "HUN"]
[Source "chess.hu"]
[WhiteTeam "Oroshazi SE"]
[BlackTeam "TAKISZ SE"]
[WhiteTeamCountry "HUN"]
[BlackTeamCountry "HUN"]

1. f4 d5 2. Nf3 Nf6 3. e3 g6 4. b3 Bg7 5. Bb2 O-O 6. Be2 c5 7. O-O Nc6 8. Ne5
Ne8 9. Nxc6 bxc6 10. Bxg7 Nxg7 11. Qc1 e5 12. Qb2 exf4 13. Rxf4 d4 14. e4 Qg5
15. g3 f5 16. c3 fxe4 17. Rxf8+ Kxf8 18. cxd4 Nf5 19. dxc5 Nxg3 20. Qh8+ Ke7
21. Qg7+ Ke8 22. Qg8+ Ke7 23. Qg7+ Ke8 1/2-1/2

[Event "NB II. Toth Laszlo csoport"]
[Site "Oroshaza"]
[Date "2023.10.29"]
[Round "2.5"]
[White "Szili, Istvan"]
[Black "Bacsi, Kristof"]
[Result "1-0"]
[WhiteElo "1938"]
[BlackElo "1888"]
[PlyCount "85"]
[EventDate "2023.10.08"]
[EventType "team-tourn"]
[EventRounds "9"]
[EventCountry "HUN"]
[Source "chess.hu"]
[WhiteTeam "TAKISZ SE"]
[BlackTeam "Oroshazi SE"]
[WhiteTeamCountry "HUN"]
[BlackTeamCountry "HUN"]

1. e4 e6 2. d4 d5 3. Nc3 dxe4 4. Nxe4 Nd7 5. Nf3 Ngf6 6. Nxf6+ Nxf6 7. Bd3 c5
8. c3 cxd4 9. Bb5+ Bd7 10. Bxd7+ Qxd7 11. Qxd4 Qxd4 12. Nxd4 Rc8 13. Bf4 Bc5
14. Nb3 Bb6 15. O-O O-O 16. Bd6 Rfd8 17. Be7 Rd7 18. Bxf6 gxf6 19. Rad1 Rcd8
20. Rxd7 Rxd7 21. Re1 Kg7 22. Kf1 f5 23. f3 Bc7 24. g3 a5 25. Ke2 h5 26. Rd1
Rxd1 27. Kxd1 f4 28. gxf4 Kf6 29. Nc5 b6 30. Nd3 Kf5 31. Ke2 f6 32. Ke3 Bd6 33.
a4 Be7 34. b4 axb4 35. cxb4 Bd6 36. h3 Bc7 37. Kd4 h4 38. Kc4 e5 39. fxe5 fxe5
40. Kd5 Bd8 41. Nxe5 Kf4 42. Nf7 Be7 43. a5 1-0

[Event "NB II. Toth Laszlo csoport"]
[Site "Oroshaza"]
[Date "2023.10.29"]
[Round "2.6"]
[White "Zalai, Mihaly Dr"]
[Black "Donko, Matyas"]
[Result "1-0"]
[WhiteElo "2031"]
[BlackElo "1903"]
[PlyCount "81"]
[EventDate "2023.10.08"]
[EventType "team-tourn"]
[EventRounds "9"]
[EventCountry "HUN"]
[Source "chess.hu"]
[WhiteTeam "Oroshazi SE"]
[BlackTeam "TAKISZ SE"]
[WhiteTeamCountry "HUN"]
[BlackTeamCountry "HUN"]

1. d4 Nf6 2. Bg5 d5 3. Bxf6 exf6 4. e3 Bd6 5. c4 c6 6. Nc3 Be6 7. Qb3 Nd7 8.
Qxb7 dxc4 9. Qxc6 Qb8 10. Qb5 O-O 11. Qxb8 Raxb8 12. O-O-O Rfc8 13. Be2 Bf5 14.
e4 Bg6 15. Bf3 Rb4 16. Kc2 Rcb8 17. Rb1 f5 18. e5 f4+ 19. Be4 Bf8 20. Nge2
Bxe4+ 21. Nxe4 Nb6 22. a3 Rb3 23. N4c3 Nd7 24. Nxf4 g6 25. Nfd5 Nb6 26. Ne3 Bh6
27. Ng4 Bg7 28. f4 h5 29. Ne3 Bh6 30. g3 h4 31. Ng4 Kg7 32. Nf6 Rb7 33. Nfe4
Nd7 34. Nd2 R3b6 35. Nxc4 Ra6 36. Nd5 Rc6 37. Kd3 Rb3+ 38. Nc3 Kf8 39. Na5
Rcxc3+ 40. bxc3 Rxa3 41. Ra1 1-0

[Event "NB II. Toth Laszlo csoport"]
[Site "Oroshaza"]
[Date "2023.10.29"]
[Round "2.7"]
[White "Keresztes, Zoltan"]
[Black "Biro, Istvan"]
[Result "0-1"]
[WhiteElo "1864"]
[BlackElo "1979"]
[PlyCount "66"]
[EventDate "2023.10.08"]
[EventType "team-tourn"]
[EventRounds "9"]
[EventCountry "HUN"]
[Source "chess.hu"]
[WhiteTeam "TAKISZ SE"]
[BlackTeam "Oroshazi SE"]
[WhiteTeamCountry "HUN"]
[BlackTeamCountry "HUN"]

1. d4 Nf6 2. Nf3 d5 3. Bf4 e6 4. e3 Bd6 5. Bd3 c5 6. Bxd6 Qxd6 7. c4 cxd4 8.
exd4 dxc4 9. Qa4+ Bd7 10. Qxc4 O-O 11. Nbd2 Bc6 12. O-O Nbd7 13. Be2 Rac8 14.
Qb3 Bd5 15. Qd1 Qb4 16. b3 Rfd8 17. a3 Qe7 18. Bc4 Nb6 19. Qe2 Rc7 20. Bxd5
Nbxd5 21. Qe5 Rc3 22. Rfe1 Rdc8 23. b4 Qc7 24. h3 h6 25. Ne4 Nxe4 26. Qxe4 Qd6
27. Ne5 Qa6 28. Kh2 Rxa3 29. Rxa3 Qxa3 30. Nxf7 Rc1 31. Rxc1 Qxc1 32. Qxe6 Qf4+
33. Kg1 Qxf7 0-1

[Event "NB II. Toth Laszlo csoport"]
[Site "Oroshaza"]
[Date "2023.10.29"]
[Round "2.8"]
[White "Bogdany, Gabor"]
[Black "Marton, Attila"]
[Result "0-1"]
[WhiteElo "1971"]
[BlackElo "1796"]
[PlyCount "56"]
[EventDate "2023.10.08"]
[EventType "team-tourn"]
[EventRounds "9"]
[EventCountry "HUN"]
[Source "chess.hu"]
[WhiteTeam "Oroshazi SE"]
[BlackTeam "TAKISZ SE"]
[WhiteTeamCountry "HUN"]
[BlackTeamCountry "HUN"]

1. e4 c5 2. Bc4 Nc6 3. a3 Nf6 4. d3 e6 5. Nf3 d5 6. exd5 exd5 7. Qe2+ Be7 8.
Ba2 Bg4 9. c3 O-O 10. h3 Bxf3 11. Qxf3 Ne5 12. Qd1 d4 13. Bf4 Ng6 14. Bg5 Nd7
15. Bxe7 Qxe7+ 16. Kf1 Nde5 17. cxd4 cxd4 18. Nd2 Nxd3 19. Nf3 Nde5 20. Qxd4
Nxf3 21. gxf3 Rad8 22. Qxa7 Rfe8 23. Bc4 Qf6 24. Qxb7 Ne5 25. Bd5 Rb8 26. Qa7
Nxf3 27. Rd1 Rxb2 28. Qd7 Rxf2+ 0-1

[Event "NB II. Toth Laszlo csoport"]
[Site "Oroshaza"]
[Date "2023.10.29"]
[Round "2.9"]
[White "Kovacs, Laszlo"]
[Black "Berta, Gergely"]
[Result "1-0"]
[WhiteElo "1827"]
[BlackElo "1988"]
[PlyCount "126"]
[EventDate "2023.10.08"]
[EventType "team-tourn"]
[EventRounds "9"]
[EventCountry "HUN"]
[Source "chess.hu"]
[WhiteTeam "TAKISZ SE"]
[BlackTeam "Oroshazi SE"]
[WhiteTeamCountry "HUN"]
[BlackTeamCountry "HUN"]

1. e4 e5 2. Nf3 Nc6 3. Bb5 a6 4. Ba4 Nf6 5. d3 b5 6. Bb3 Be7 7. O-O O-O 8. Re1
d6 9. c3 Bb7 10. Nbd2 Na5 11. Bc2 c5 12. Nf1 Re8 13. Ng3 g6 14. h3 Bf8 15. Bg5
h6 16. Bd2 Nc6 17. Qc1 Kh7 18. Bb3 Qd7 19. a4 Rac8 20. Re3 Bg7 21. Qe1 d5 22.
axb5 axb5 23. exd5 Nxd5 24. Re2 f5 25. Bc2 Nf4 26. Bxf4 exf4 27. Nf1 Rxe2 28.
Qxe2 Re8 29. Qd2 g5 30. Re1 Ne5 31. Nxe5 Rxe5 32. Rxe5 Bxe5 33. f3 Bf6 34. Qe1
Kg6 35. Kh2 Kf7 36. Bb3+ Kg6 37. Bc2 Bd5 38. Nd2 Qe7 39. Qxe7 Bxe7 40. Kg1 Kf6
41. Kf2 Ke5 42. Ke2 Kd6 43. Nb3 Bf6 44. Nd2 Be6 45. Kf2 b4 46. cxb4 cxb4 47. b3
Kc5 48. Ke2 Kd4 49. Nb1 g4 50. Bd1 h5 51. Kd2 Bh4 52. Ke2 Bg3 53. Bc2 Bd7 54.
Bd1 Bh2 55. Nd2 Bg1 56. Nc4 Kc3 57. Kf1 Bc5 58. Ke2 Be6 59. Nd2 g3 60. Nb1+ Kb2
61. Nd2 Ka2 62. Nc4 Bd4 63. Kd2 Bd5 1-0

[Event "NB II. Toth Laszlo csoport"]
[Site "Oroshaza"]
[Date "2023.10.29"]
[Round "2.10"]
[White "Kerekes, Zsolt"]
[Black "Gomori, Mihaly"]
[Result "1/2-1/2"]
[WhiteElo "1942"]
[BlackElo "1801"]
[PlyCount "126"]
[EventDate "2023.10.08"]
[EventType "team-tourn"]
[EventRounds "9"]
[EventCountry "HUN"]
[Source "chess.hu"]
[WhiteTeam "Oroshazi SE"]
[BlackTeam "TAKISZ SE"]
[WhiteTeamCountry "HUN"]
[BlackTeamCountry "HUN"]

1. e4 e5 2. Nf3 Nc6 3. d4 exd4 4. Bc4 Be7 5. Nxd4 Ne5 6. Bb3 Nf6 7. Nf5 O-O 8.
Nxe7+ Qxe7 9. Nc3 c6 10. O-O b5 11. a3 a5 12. Bf4 Bb7 13. f3 Rad8 14. Qe2 Ng6
15. Bc7 Ra8 16. Rad1 Ne8 17. Bg3 Ba6 18. Qd2 Ra7 19. Rfe1 Ne5 20. Qd4 d6 21.
Qb6 Qc7 22. Bf2 c5 23. Qxc7 Rxc7 24. Nd5 Rb7 25. c3 a4 26. Ba2 Nc6 27. Bg3 Ne5
28. Bh4 Ng6 29. Bg3 Ne5 30. Bf2 Nc4 31. Rb1 Nc7 32. Red1 Ne8 33. Bg3 f5 34.
exf5 Rxf5 35. Ne3 Rf6 36. Ng4 Rg6 37. b3 Nxa3 38. bxa4+ c4 39. Rb2 bxa4 40.
Rxb7 Bxb7 41. Rd2 d5 42. Rb2 Bc6 43. Ne5 Re6 44. Rb6 Nb5 45. Rxc6 Rxc6 46. Nxc6
Nxc3 47. Nb4 Kf7 48. Be5 Nb5 49. f4 Ke6 50. Kf2 g5 51. g3 gxf4 52. gxf4 Ned6
53. Bxd6 Kxd6 54. Bb1 h6 55. Na2 Kc5 56. Ke3 d4+ 57. Kd2 d3 58. f5 Kd6 59. Nc3
Nd4 60. Nxa4 Nxf5 61. Kc3 Ne3 62. Ba2 Nf1 63. Bxc4 Nxh2 1/2-1/2

[Event "NB II. Toth Laszlo csoport"]
[Site "Gyula"]
[Date "2023.10.29"]
[Round "2.1"]
[White "Tapodi, Norman Lajos"]
[Black "Oltean, Cristian-Daniel"]
[Result "1/2-1/2"]
[WhiteElo "2108"]
[BlackElo "2043"]
[PlyCount "42"]
[EventDate "2023.10.08"]
[EventType "team-tourn"]
[EventRounds "9"]
[EventCountry "HUN"]
[Source "chess.hu"]
[WhiteTeam "Meritum Egyesulet"]
[BlackTeam "Gyulai SE"]
[WhiteTeamCountry "HUN"]
[BlackTeamCountry "HUN"]

1. d4 d5 2. c4 e6 3. Nc3 c5 4. cxd5 exd5 5. Nf3 Nc6 6. g3 Nf6 7. Bg2 cxd4 8.
Nxd4 Bc5 9. Nb3 Bb6 10. O-O d4 11. Na4 O-O 12. Bg5 Be6 13. Nxb6 axb6 14. Bxc6
bxc6 15. Qxd4 c5 16. Qh4 h6 17. Bxf6 Qxf6 18. Qxf6 gxf6 19. e3 Rfd8 20. Rfc1
Rd3 21. Kf1 Bxb3 1/2-1/2

[Event "NB II. Toth Laszlo csoport"]
[Site "Gyula"]
[Date "2023.10.29"]
[Round "2.2"]
[White "Tamas, Kornel"]
[Black "Varga, Gabor"]
[Result "1-0"]
[WhiteElo "2021"]
[BlackElo "1950"]
[PlyCount "71"]
[EventDate "2023.10.08"]
[EventType "team-tourn"]
[EventRounds "9"]
[EventCountry "HUN"]
[Source "chess.hu"]
[WhiteTeam "Gyulai SE"]
[BlackTeam "Meritum Egyesulet"]
[WhiteTeamCountry "HUN"]
[BlackTeamCountry "HUN"]

1. d4 Nf6 2. c4 e6 3. Nf3 d5 4. Nc3 Bb4 5. Bg5 h6 6. Bh4 g5 7. Bg3 Ne4 8. Qc2
c5 9. Bxb8 Rxb8 10. cxd5 exd5 11. Nd2 Bf5 12. Ndxe4 dxe4 13. O-O-O Bxc3 14.
Qxc3 c4 15. d5 O-O 16. h4 g4 17. e3 Qd6 18. f4 f6 19. Kb1 b5 20. b4 cxb3 21.
Qxb3 Rfc8 22. Be2 a5 23. Rc1 a4 24. Qb2 b4 25. Rxc8+ Rxc8 26. Rc1 Rxc1+ 27.
Qxc1 Bd7 28. Qc4 f5 29. Qd4 Kf7 30. Bc4 Qf6 31. d6+ Kg6 32. h5+ Kg7 33. Qd5 Qf8
34. Qc5 b3 35. axb3 axb3 36. Qc7 1-0

[Event "NB II. Toth Laszlo csoport"]
[Site "Gyula"]
[Date "2023.10.29"]
[Round "2.3"]
[White "Retkes, Sandor"]
[Black "Gombos, Janos"]
[Result "1-0"]
[WhiteElo "1934"]
[BlackElo "1957"]
[PlyCount "113"]
[EventDate "2023.10.08"]
[EventType "team-tourn"]
[EventRounds "9"]
[EventCountry "HUN"]
[Source "chess.hu"]
[WhiteTeam "Meritum Egyesulet"]
[BlackTeam "Gyulai SE"]
[WhiteTeamCountry "HUN"]
[BlackTeamCountry "HUN"]

1. d4 Nf6 2. Bf4 g6 3. e3 Bg7 4. Nd2 d6 5. Ngf3 O-O 6. c3 Re8 7. Be2 Nbd7 8.
O-O b6 9. Bc4 e5 10. Bg5 h6 11. Bh4 Bb7 12. Qb3 Qe7 13. a4 e4 14. Ne1 a6 15.
Be2 Rab8 16. Qd1 c5 17. Nc2 Rbc8 18. h3 d5 19. Rb1 c4 20. b3 cxb3 21. Rxb3 g5
22. Bg3 Qe6 23. Nb4 Ra8 24. Na2 Bc6 25. Rb2 Bf8 26. Rb1 Rec8 27. Nb4 Bb7 28.
Qb3 a5 29. Na2 Bd6 30. Bxd6 Qxd6 31. c4 Rab8 32. Nc3 Ba6 33. Nb5 Bxb5 34. axb5
Rf8 35. Rfc1 Rbc8 36. cxd5 Rxc1+ 37. Rxc1 Qxd5 38. Bc4 Qd6 39. Be2 Rb8 40. Rc6
Qe7 41. Qc2 Kg7 42. Nf1 Nd5 43. Qc4 N7f6 44. Ng3 Qd7 45. Bd1 Rb7 46. Bc2 Nb4
47. Bxe4 Nxe4 48. Nxe4 Qe7 49. Nd6 Qd7 50. Nxb7 Qxb7 51. Rc7 Qd5 52. e4 Qxc4
53. Rxc4 Kf6 54. Kf1 Ke6 55. Ke2 f5 56. f3 f4 57. Kd2 1-0

[Event "NB II. Toth Laszlo csoport"]
[Site "Gyula"]
[Date "2023.10.29"]
[Round "2.4"]
[White "Vereczkei, Laszlo Dr"]
[Black "Berczi, Peter"]
[Result "0-1"]
[WhiteElo "1913"]
[BlackElo "1910"]
[PlyCount "74"]
[EventDate "2023.10.08"]
[EventType "team-tourn"]
[EventRounds "9"]
[EventCountry "HUN"]
[Source "chess.hu"]
[WhiteTeam "Gyulai SE"]
[BlackTeam "Meritum Egyesulet"]
[WhiteTeamCountry "HUN"]
[BlackTeamCountry "HUN"]

1. e4 c5 2. Nf3 d6 3. d4 cxd4 4. Nxd4 Nf6 5. Nc3 g6 6. g3 Nc6 7. Nde2 Bg7 8.
Bg2 O-O 9. O-O Rb8 10. a4 a6 11. h3 b5 12. axb5 axb5 13. Be3 b4 14. Nd5 e6 15.
Nxf6+ Bxf6 16. Ra2 b3 17. cxb3 Nb4 18. Ra4 Bd7 19. Ra7 Bb5 20. Qd2 Nc6 21. Ra3
Na5 22. Rd1 Bxe2 23. Qxe2 Nxb3 24. f4 Be7 25. Qc2 Qc8 26. Qxc8 Rfxc8 27. Ra7
Bf8 28. e5 d5 29. g4 Rc2 30. f5 Bc5 31. Rd3 Nc1 32. Bxc5 Nxd3 33. Bd6 Rbc8 34.
b4 Ne1 35. Bh1 Rb2 36. fxe6 fxe6 37. Bc5 Nd3 0-1

[Event "NB II. Toth Laszlo csoport"]
[Site "Gyula"]
[Date "2023.10.29"]
[Round "2.5"]
[White "Havasi, Gergely Bulcsu"]
[Black "Banyai, Istvan"]
[Result "1/2-1/2"]
[WhiteElo "1776"]
[BlackElo "1951"]
[PlyCount "43"]
[EventDate "2023.10.08"]
[EventType "team-tourn"]
[EventRounds "9"]
[EventCountry "HUN"]
[Source "chess.hu"]
[WhiteTeam "Meritum Egyesulet"]
[BlackTeam "Gyulai SE"]
[WhiteTeamCountry "HUN"]
[BlackTeamCountry "HUN"]

1. e4 c6 2. d4 d5 3. Nc3 dxe4 4. Nxe4 Nf6 5. Nxf6+ exf6 6. Bf4 Bd6 7. Bxd6 Qxd6
8. Nf3 O-O 9. Be2 Qb4+ 10. Qd2 Qxd2+ 11. Kxd2 Be6 12. Rad1 Rd8 13. Kc1 Nd7 14.
b3 Nb6 15. c4 Kf8 16. Kb2 a5 17. h3 h6 18. Bd3 Nc8 19. Rd2 Ne7 20. Rhd1 Rab8
21. Rc1 Rd7 22. a3 1/2-1/2

[Event "NB II. Toth Laszlo csoport"]
[Site "Gyula"]
[Date "2023.10.29"]
[Round "2.6"]
[White "Cretu, Sorin-Alexandru"]
[Black "Vadkerti, Vince"]
[Result "1/2-1/2"]
[WhiteElo "1749"]
[BlackElo "1771"]
[PlyCount "52"]
[EventDate "2023.10.08"]
[EventType "team-tourn"]
[EventRounds "9"]
[EventCountry "HUN"]
[Source "chess.hu"]
[WhiteTeam "Gyulai SE"]
[BlackTeam "Meritum Egyesulet"]
[WhiteTeamCountry "HUN"]
[BlackTeamCountry "HUN"]

1. e4 Nf6 2. e5 Nd5 3. c4 Nb6 4. d4 d6 5. f4 dxe5 6. fxe5 Nc6 7. Be3 Bf5 8. a3
e6 9. Nf3 Be7 10. b3 O-O 11. Bd3 Bxd3 12. Qxd3 Qd7 13. O-O Rad8 14. Rd1 f6 15.
exf6 Bxf6 16. Nc3 Nxd4 17. Bxd4 e5 18. Ne4 exd4 19. c5 Nd5 20. Nxf6+ Nxf6 21.
Qxd4 Qxd4+ 22. Nxd4 Ne4 23. Ne6 Rxd1+ 24. Rxd1 Rf6 25. Nxc7 Nxc5 26. b4 Ne6
1/2-1/2

[Event "NB II. Toth Laszlo csoport"]
[Site "Gyula"]
[Date "2023.10.29"]
[Round "2.7"]
[White "Farkas, Sandor"]
[Black "Jako, Robert"]
[Result "1/2-1/2"]
[WhiteElo "1878"]
[BlackElo "1763"]
[PlyCount "54"]
[EventDate "2023.10.08"]
[EventType "team-tourn"]
[EventRounds "9"]
[EventCountry "HUN"]
[Source "chess.hu"]
[WhiteTeam "Meritum Egyesulet"]
[BlackTeam "Gyulai SE"]
[WhiteTeamCountry "HUN"]
[BlackTeamCountry "HUN"]

1. b3 d5 2. Bb2 Nf6 3. e3 b6 4. Nf3 Bb7 5. c4 e6 6. Be2 Be7 7. cxd5 Bxd5 8. O-O
O-O 9. d3 Nbd7 10. Nbd2 Rc8 11. Qc2 a5 12. a3 c5 13. Ne5 Nxe5 14. Bxe5 Nd7 15.
Bb2 Bf6 16. f4 Bb7 17. Nc4 b5 18. Nd6 Rb8 19. Nxb7 Rxb7 20. Bf3 Rc7 21. Rad1
Nb6 22. Bc1 b4 23. a4 Qd6 24. g4 Rd8 25. g5 Bc3 26. Qg2 g6 27. e4 Qd4+ 1/2-1/2

[Event "NB II. Toth Laszlo csoport"]
[Site "Gyula"]
[Date "2023.10.29"]
[Round "2.8"]
[White "Solymosi, Ferenc"]
[Black "Havasi, Mate Pal"]
[Result "1/2-1/2"]
[WhiteElo "1863"]
[BlackElo "1710"]
[PlyCount "41"]
[EventDate "2023.10.08"]
[EventType "team-tourn"]
[EventRounds "9"]
[EventCountry "HUN"]
[Source "chess.hu"]
[WhiteTeam "Gyulai SE"]
[BlackTeam "Meritum Egyesulet"]
[WhiteTeamCountry "HUN"]
[BlackTeamCountry "HUN"]

1. c4 e6 2. Nf3 Nf6 3. g3 d5 4. Bg2 c5 5. O-O Nc6 6. d3 Be7 7. Nbd2 O-O 8. Qb3
Qb6 9. e4 Qxb3 10. axb3 Nb4 11. Ne1 dxe4 12. dxe4 e5 13. Nb1 Nc6 14. Nc2 Nd4
15. Nxd4 cxd4 16. Bg5 Rd8 17. Nd2 h6 18. Bxf6 gxf6 19. Rfd1 Bd7 20. Nf3 Bc5 21.
Ne1 1/2-1/2

[Event "NB II. Toth Laszlo csoport"]
[Site "Gyula"]
[Date "2023.10.29"]
[Round "2.9"]
[White "Havasi, Huba Laszlo"]
[Black "Budai, Mate"]
[Result "1-0"]
[WhiteElo "1553"]
[BlackElo "1453"]
[PlyCount "141"]
[EventDate "2023.10.08"]
[EventType "team-tourn"]
[EventRounds "9"]
[EventCountry "HUN"]
[Source "chess.hu"]
[WhiteTeam "Meritum Egyesulet"]
[BlackTeam "Gyulai SE"]
[WhiteTeamCountry "HUN"]
[BlackTeamCountry "HUN"]

1. d4 d5 2. Bf4 Nf6 3. e3 Nc6 4. c3 e6 5. Nf3 a6 6. Bd3 Bd6 7. Bg3 Qe7 8. Nbd2
Bd7 9. O-O b5 10. e4 dxe4 11. Bxe4 Nxe4 12. Nxe4 O-O 13. Nxd6 cxd6 14. d5 Na5
15. dxe6 Qxe6 16. Re1 Qf5 17. Nh4 Qg4 18. f3 Qh5 19. Qxd6 Be6 20. Re5 Qh6 21.
Nf5 Qf6 22. Bh4 g5 23. Ne7+ Kh8 24. Bxg5 Qg7 25. Nd5 Nc4 26. Qc5 Bxd5 27. Rxd5
f6 28. Bf4 Nxb2 29. Qd4 Rac8 30. Rc5 Rcd8 31. Qe3 Rfe8 32. Rc7 Qg6 33. Re7 Nc4
34. Rxe8+ Rxe8 35. Qf2 Ne5 36. Bxe5 Rxe5 37. Rd1 Re8 38. Qb6 Kg7 39. Qb7+ Kg8
40. Qd5+ Kg7 41. Qb7+ Kg8 42. Qxa6 Qc2 43. Qd6 Re2 44. Qd5+ Kg7 45. Qd7+ Kh6
46. Qh3+ Kg7 47. Rd7+ Kf8 48. Rd8+ Kg7 49. Rd7+ Kf8 50. Rd8+ Kg7 51. Qg4+ Kh6
52. Qf4+ Kg7 53. Rd7+ Kg8 54. Qg4+ Qg6 55. Qxg6+ hxg6 56. Rb7 Rxa2 57. Rxb5 Ra4
58. Rc5 Kf7 59. Kf2 Ke6 60. Rc6+ Ke5 61. h3 g5 62. Ke3 f5 63. Rc5+ Ke6 64. g4
f4+ 65. Kd3 Kf6 66. Rc6+ Kf7 67. c4 Ra3+ 68. Ke4 Re3+ 69. Kf5 Rxf3 70. Kxg5
Rxh3 71. Kxf4 1-0